000 00535cam a2200157 4500500
005 20260405002941.0
041 _afre
042 _adc
100 1 0 _aPortevin, Catherine
_eauthor
245 0 0 _aNul n’est prophète dans son pays. Et d’autres paroles d’évangiles
260 _c2019.
500 _a39
690 _aDenis Moreau
786 0 _nPhilosophie magazine | 132 | 9 | 2019-09-01 | p. 60-60 | 1951-1787
856 4 1 _uhttps://shs.cairn.info/magazine-philosophie-magazine-2019-9-page-60?lang=fr&redirect-ssocas=7080
999 _c2062851
_d2062852